[Event "Titled Tuesday intern op 09th Jan Early"]
[Site "Chess.com INT"]
[Date "2024.01.09"]
[Round "1"]
[White "Lamaze, Simon"]
[Black "Gutkin, Ilya"]
[Result "0-1"]
[WhiteElo "2406"]
[BlackElo "2289"]
[PlyCount "58"]
[EventDate "2024.01.09"]
[EventType "swiss (blitz)"]
[EventRounds "11"]
[EventCountry "USA"]
[SourceTitle "CB03_2024"]
[SourceDate "2024.01.17"]
[SourceVersion "1"]
[SourceVersionDate "2024.01.17"]
[SourceQuality "1"]

1. e4 e6 2. Nf3 d5 3. e5 Nh6 4. h4 Be7 5. h5 c5 6. b4 b6 7. c3 cxb4 8. cxb4 0-0 9. b5 a6 10. d4 axb5 11. Bd3 Bb4+ 12. Kf1 f5 13. Bxh6 gxh6 14. Bxb5 Bd7 15. Qe2 Qe8 16. Bxd7 Qxd7 17. Nbd2 Nc6 18. g3 Bc3 19. Rc1 Nxd4 20. Nxd4 Bxd4 21. Nf3 Bc5 22. Kg2 Ra3 23. Rhd1 Qa4 24. Rd2 Qg4 25. Ne1 Qg5 26. Nd3 f4 27. Rc4 f3+ 28. Qxf3 Rxf3 29. Kxf3 dxc4 0-1

[Event "Wch U18"]
[Site "Montesilvano"]
[Date "2023.11.23"]
[Round "10"]
[White "Wong, Zhenyong Jayden"]
[Black "Lamaze, Simon"]
[Result "1-0"]
[WhiteElo "2356"]
[BlackElo "2415"]
[PlyCount "71"]
[EventDate "2023.11.13"]
[EventType "swiss"]
[EventRounds "11"]
[EventCountry "ITA"]
[SourceTitle "CB48_2023"]
[SourceDate "2023.11.29"]
[SourceVersion "1"]
[SourceVersionDate "2023.11.29"]
[SourceQuality "1"]

1. d4 d5 2. c4 e6 3. Nf3 Nf6 4. g3 dxc4 5. Bg2 a6 6. 0-0 Nc6 7. Nc3 Rb8 8. e4 Be7 9. Qe2 b5 10. Rd1 0-0 11. d5 exd5 12. e5 d4 13. exf6 Bxf6 14. Qe4 Bb7 15. Qg4 d3 16. Ne4 Ne5 17. Nxf6+ Qxf6 18. Nxe5 Bxg2 19. Nd7 Qf3 20. Qxf3 Bxf3 21. Nxb8 Bxd1 22. Nxa6 c6 23. f4 Ra8 24. Nc5 f6 25. Bd2 Bg4 26. Kf2 Kf7 27. a3 Rd8 28. Re1 Rd5 29. Ne4 h5 30. Ke3 Bf5 31. a4 bxa4 32. Ra1 Bxe4 33. Kxe4 Rd7 34. Rxa4 Re7+ 35. Kf3 Re2 36. Bc3 1-0

[Event "Wch U18"]
[Site "Montesilvano"]
[Date "2023.11.22"]
[Round "9"]
[White "Lamaze, Simon"]
[Black "Sahakyan, Aleks"]
[Result "1-0"]
[WhiteElo "2415"]
[BlackElo "2303"]
[PlyCount "137"]
[EventDate "2023.11.13"]
[EventType "swiss"]
[EventRounds "11"]
[EventCountry "ITA"]
[SourceTitle "CB48_2023"]
[SourceDate "2023.11.29"]
[SourceVersion "1"]
[SourceVersionDate "2023.11.29"]
[SourceQuality "1"]

1. d4 Nf6 2. c4 e6 3. Nf3 d5 4. Nc3 c6 5. e3 Nbd7 6. Qc2 Bd6 7. Bd3 dxc4 8. Bxc4 b5 9. Be2 Bb7 10. 0-0 0-0 11. e4 e5 12. dxe5 Nxe5 13. Nd4 Bc5 14. Nf5 Qc7 15. h3 Ng6 16. Na4 bxa4 17. Qxc5 Nxe4 18. Qd4 Qe5 19. Qxe5 Nxe5 20. Re1 Nf6 21. Nd6 Rab8 22. Nxb7 Rxb7 23. Be3 Ng6 24. Bc5 Rd8 25. Rad1 Nd5 26. Ba3 Ngf4 27. Bf1 Ne6 28. Re4 Rbd7 29. Rxa4 Nb6 30. Rxd7 Rxd7 31. Re4 h6 32. g3 Rd1 33. Kg2 c5 34. b3 Ra1 35. Re2 c4 36. bxc4 Nxc4 37. Bb4 Rb1 38. Bc3 Rc1 39. Be1 Nb6 40. Bd2 Rc2 41. Be3 Rxe2 42. Bxe2 Kf8 43. f4 Ke7 44. f5 Nc7 45. Bd4 g6 46. fxg6 fxg6 47. Be3 h5 48. Kf3 Ncd5 49. Bd2 Kd6 50. Ke4 Nd7 51. Kd4 Ne5 52. Bd1 Nc6+ 53. Ke4 Nd8 54. Bb3 Nf6+ 55. Kf3 Nd5 56. Bc2 Nc6 57. Ke4 Nd8 58. Bc1 Nf6+ 59. Kf3 Nc6 60. Kf4 Ne5 61. Kg5 Nd5 62. Bxg6 h4 63. Ba3+ Ke6 64. Bf5+ Kf7 65. Kxh4 Kf6 66. g4 Nc3 67. Bc2 Nf3+ 68. Kg3 Nd4 69. Bb2 1-0

[Event "Wch U18"]
[Site "Montesilvano"]
[Date "2023.11.21"]
[Round "8"]
[White "Kasipour Azbari, Seyed Arvin"]
[Black "Lamaze, Simon"]
[Result "0-1"]
[WhiteElo "2261"]
[BlackElo "2415"]
[PlyCount "94"]
[EventDate "2023.11.13"]
[EventType "swiss"]
[EventRounds "11"]
[EventCountry "ITA"]
[SourceTitle "CB48_2023"]
[SourceDate "2023.11.29"]
[SourceVersion "1"]
[SourceVersionDate "2023.11.29"]
[SourceQuality "1"]

1. e4 c6 2. Nf3 d5 3. Nc3 Bg4 4. h3 Bxf3 5. Qxf3 e6 6. Be2 d4 7. Nd1 Nd7 8. Qg3 e5 9. 0-0 Ne7 10. d3 Ng6 11. f4 exf4 12. Bxf4 Nxf4 13. Qxf4 Qe7 14. c3 g6 15. cxd4 Bg7 16. e5 0-0 17. Nc3 f6 18. e6 Nb6 19. Bd1 Rad8 20. Bb3 f5 21. d5 Nxd5 22. Nxd5 cxd5 23. Rac1 Qxe6 24. Rfe1 Qb6+ 25. Kh1 Rf7 26. Rc2 Qd4 27. Qf3 Bf6 28. Rce2 Kg7 29. g3 a5 30. a3 a4 31. Ba2 Rfd7 32. Rc2 h5 33. Re6 Rd6 34. Rxd6 Rxd6 35. Rc7+ Kh6 36. Qf4+ Qxf4 37. gxf4 Bxb2 38. Rxb7 Bc1 39. Rb4 d4 40. Rxa4 Bxf4 41. Bc4 Rb6 42. Kg2 Rb2+ 43. Kf3 Be3 44. h4 Rf2+ 45. Kg3 f4+ 46. Kh3 f3 47. Ra7 Bf4 0-1

[Event "Titled Tuesday intern op 26th Sep Early"]
[Site "Chess.com INT"]
[Date "2023.09.26"]
[Round "7"]
[White "Drygalov, Sergey"]
[Black "Lamaze, Simon"]
[Result "1-0"]
[WhiteElo "2547"]
[BlackElo "2417"]
[PlyCount "155"]
[EventDate "2023.09.26"]
[EventType "swiss (blitz)"]
[EventRounds "11"]
[EventCountry "USA"]
[SourceTitle "EXT 2024"]
[Source "ChessBase"]
[SourceDate "2023.10.10"]
[SourceVersion "1"]
[SourceVersionDate "2023.10.10"]
[SourceQuality "1"]

1. d4 d5 2. c4 e6 3. Nf3 Nf6 4. Nc3 a6 5. cxd5 exd5 6. Bg5 Be6 7. Bxf6 Qxf6 8. Qb3 b5 9. a4 b4 10. Nxd5 Qd8 11. e4 c6 12. Qe3 cxd5 13. exd5 Qxd5 14. Bd3 Ra7 15. Rc1 Re7 16. 0-0 g6 17. Qf4 Qd8 18. Qe5 Rg8 19. Rfe1 Bg7 20. Qc5 Rd7 21. Qxb4 Bxd4 22. Bc4 Nc6 23. Qa3 Rd6 24. b4 Ne7 25. Bxe6 fxe6 26. Nxd4 Rxd4 27. Rxe6 Rf8 28. Rce1 Rf7 29. b5 axb5 30. axb5 Rd1 31. Qb4 Rxe1+ 32. Rxe1 Qb6 33. Re2 Kf8 34. h3 Qb7 35. b6 Kg7 36. Qd4+ Kg8 37. Re6 Nf5 38. Re8+ Rf8 39. Qc4+ Kg7 40. Re5 Rf7 41. Qc3 Qxb6 42. Rxf5+ Kg8 43. Qc8+ Kg7 44. Rxf7+ Kxf7 45. Qd7+ Kf6 46. Qxh7 Qb1+ 47. Kh2 Qb8+ 48. g3 Qa8 49. Qh4+ Kg7 50. Qd4+ Kh7 51. Qe3 Qa2 52. h4 Kg7 53. Qd4+ Kh7 54. g4 Qb3 55. Qf4 Qd1 56. Qf7+ Kh6 57. Qf4+ Kh7 58. Qe4 Kh6 59. Kg2 Qa1 60. Qf4+ Kh7 61. h5 gxh5 62. Qf5+ Kg7 63. Qg5+ Kf8 64. Qxh5 Qa8+ 65. f3 Qa2+ 66. Kg3 Qd2 67. Qf5+ Kg8 68. Qe6+ Kg7 69. Qe5+ Kg8 70. g5 Qc1 71. Kg4 Qg1+ 72. Kf5 Qb1+ 73. Qe4 Qb5+ 74. Kf6 Qb2+ 75. Qe5 Qb8 76. Qxb8+ Kh7 77. Qc7+ Kh8 78. Qg7# 1-0

[Event "Titled Tuesday intern op 26th Sep Early"]
[Site "Chess.com INT"]
[Date "2023.09.26"]
[Round "2"]
[White "Lamaze, Simon"]
[Black "Sargissyan, Sargis"]
[Result "1/2-1/2"]
[WhiteElo "2417"]
[BlackElo "2238"]
[PlyCount "167"]
[EventDate "2023.09.26"]
[EventType "swiss (blitz)"]
[EventRounds "11"]
[EventCountry "USA"]
[SourceTitle "EXT 2024"]
[Source "ChessBase"]
[SourceDate "2023.10.10"]
[SourceVersion "1"]
[SourceVersionDate "2023.10.10"]
[SourceQuality "1"]

1. e4 e5 2. Nf3 Nc6 3. Bb5 a6 4. Ba4 Nf6 5. 0-0 Be7 6. Re1 b5 7. Bb3 d6 8. h3 0-0 9. c3 Bb7 10. d4 Re8 11. Ng5 Rf8 12. Nf3 Re8 13. Ng5 Rf8 14. f4 h6 15. Nf3 exf4 16. Bxf4 d5 17. e5 Ne4 18. Nbd2 f5 19. exf6 Nxf6 20. Bc2 Bd6 21. Ne5 Nxe5 22. Bxe5 Bxe5 23. Rxe5 Qd6 24. Qf3 Ne4 25. Qe3 Rae8 26. Nxe4 dxe4 27. Rxe8 Rxe8 28. Rf1 Bd5 29. Bb3 Qe6 30. Bxd5 Qxd5 31. b3 a5 32. g4 a4 33. Rf5 Qd7 34. Kg2 axb3 35. axb3 c6 36. c4 bxc4 37. bxc4 Qd6 38. c5 Qd7 39. Kg3 Rd8 40. Qxe4 Qxd4 41. Qxd4 Rxd4 42. h4 Rc4 43. h5 Kh7 44. g5 hxg5 45. Rxg5 Kh6 46. Re5 g6 47. hxg6 Kxg6 48. Re6+ Kf5 49. Rxc6 Ke5 50. Rc8 Kd5 51. Kf3 Rxc5 52. Rh8 Rc3+ 53. Kf4 Rc4+ 54. Kf5 Rc6 55. Rd8+ Rd6 56. Ra8 Kc6 57. Ke5 Rd2 58. Rc8+ Kb7 59. Rc3 Kb6 60. Ke4 Kb7 61. Rb3+ Kc6 62. Rb1 Kc7 63. Rb5 Kc6 64. Rh5 Kc7 65. Rh6 Kd7 66. Ke5 Kc7 67. Rh7+ Kc6 68. Rh8 Kc7 69. Rh4 Kc6 70. Rc4+ Kd7 71. Ra4 Kc6 72. Ra3 Kc7 73. Ke6 Kb6 74. Rg3 Kc6 75. Rg8 Kb7 76. Rg7+ Kc6 77. Rg1 Kb7 78. Rc1 Kb6 79. Rc4 Kb7 80. Rc5 Kb6 81. Rc3 Kb7 82. Rc5 Kb6 83. Rd5 Rxd5 84. Kxd5 1/2-1/2

[Event "Titled Tuesday intern op 26th Sep Early"]
[Site "Chess.com INT"]
[Date "2023.09.26"]
[Round "5"]
[White "Lamaze, Simon"]
[Black "Zhigalko, Sergei"]
[Result "1-0"]
[WhiteElo "2417"]
[BlackElo "2572"]
[PlyCount "85"]
[EventDate "2023.09.26"]
[EventType "swiss (blitz)"]
[EventRounds "11"]
[EventCountry "USA"]
[SourceTitle "EXT 2024"]
[Source "ChessBase"]
[SourceDate "2023.10.10"]
[SourceVersion "1"]
[SourceVersionDate "2023.10.10"]
[SourceQuality "1"]

1. c4 e5 2. g3 Nf6 3. Bg2 c6 4. Nf3 d6 5. Nc3 Be7 6. d4 e4 7. Nh4 0-0 8. 0-0 h6 9. Bh1 d5 10. cxd5 cxd5 11. f3 Nc6 12. fxe4 Nxe4 13. Nf5 Nxc3 14. bxc3 Bg5 15. Ne3 Be6 16. h4 Be7 17. Nf5 Rc8 18. Qd3 Qd7 19. Bg2 Rfe8 20. Bd2 Bf8 21. Rf2 Na5 22. Raf1 Nc4 23. Bc1 Nd6 24. g4 Ne4 25. Bxe4 dxe4 26. Qg3 Qc7 27. Bf4 Qxc3 28. e3 Rc6 29. Be5 b5 30. d5 Qc5 31. dxc6 Qxc6 32. Nd4 Qd5 33. Nxe6 Rxe6 34. Bd4 Bd6 35. Qg2 Rg6 36. Rxf7 Qe6 37. g5 a5 38. h5 Rxg5 39. Qxg5 hxg5 40. Rxg7+ Kh8 41. Rg6+ Qe5 42. Rxd6 Qxd4 43. Rxd4 1-0

[Event "Titled Tuesday intern op 26th Sep Early"]
[Site "Chess.com INT"]
[Date "2023.09.26"]
[Round "4"]
[White "Yanchenko, Roman"]
[Black "Lamaze, Simon"]
[Result "0-1"]
[WhiteElo "2466"]
[BlackElo "2417"]
[PlyCount "122"]
[EventDate "2023.09.26"]
[EventType "swiss (blitz)"]
[EventRounds "11"]
[EventCountry "USA"]
[SourceTitle "EXT 2024"]
[Source "ChessBase"]
[SourceDate "2023.10.10"]
[SourceVersion "1"]
[SourceVersionDate "2023.10.10"]
[SourceQuality "1"]

1. d4 d5 2. c4 e6 3. Nc3 Nf6 4. Bg5 Be7 5. e3 0-0 6. Qc2 b6 7. cxd5 exd5 8. Nf3 Bb7 9. Bd3 h6 10. Bf4 c5 11. Nb5 Nc6 12. a3 a6 13. Nc3 c4 14. Bf5 b5 15. 0-0 Bd6 16. Ne5 Re8 17. Nxc6 Bxc6 18. Bxd6 Qxd6 19. b3 g6 20. Bh3 a5 21. a4 b4 22. Nb5 Bxb5 23. axb5 c3 24. Ra4 Reb8 25. Rfa1 Qc7 26. Qd3 Ne4 27. g3 Nd2 28. Bg2 Qd8 29. Qc2 Rxb5 30. Bf1 Rb7 31. Bd3 Qb6 32. Kg2 Rba7 33. Be2 Qf6 34. h4 h5 35. Bd3 Kf8 36. Be2 Ke7 37. Bd3 Qf3+ 38. Kg1 Kd7 39. Bf1 Qe4 40. Bd3 Qe6 41. Kg2 Qf6 42. Bb5+ Kc7 43. Be2 Kb6 44. R1a2 Qc6 45. Ra1 f5 46. Bd3 Qe6 47. Be2 Qe4+ 48. Qxe4 fxe4 49. Bd1 Rg8 50. Bc2 g5 51. hxg5 Rxg5 52. Rh1 Rf5 53. Kg1 h4 54. Rxh4 Nf3+ 55. Kg2 Nxh4+ 56. gxh4 Rg7+ 57. Kf1 Rgf7 58. f4 Rh5 59. Ra2 Rxh4 60. Bd1 Rh1+ 61. Kg2 Rxd1 0-1

[Event "EU-ch U18 31st"]
[Site "Mamaia"]
[Date "2023.09.12"]
[Round "7"]
[White "Lamaze, Simon"]
[Black "Voicu, Teodor Mihnea"]
[Result "1-0"]
[WhiteElo "2417"]
[BlackElo "2162"]
[PlyCount "120"]
[EventDate "2023.09.05"]
[EventType "swiss"]
[EventRounds "9"]
[EventCountry "ROU"]
[SourceTitle "EXT 2024"]
[Source "ChessBase"]
[SourceDate "2023.10.10"]
[SourceVersion "1"]
[SourceVersionDate "2023.10.10"]
[SourceQuality "1"]

1. d4 d5 2. c4 c6 3. cxd5 cxd5 4. Bg5 Nc6 5. Nc3 Nf6 6. Bxf6 exf6 7. e3 Be6 8. g3 Bb4 9. Nge2 0-0 10. Bg2 Na5 11. 0-0 Rc8 12. Rb1 Nc4 13. Nf4 Bxc3 14. bxc3 Qd7 15. Rc1 Rc7 16. Re1 Rfc8 17. Nxe6 Qxe6 18. e4 dxe4 19. Bxe4 Qd6 20. Bf5 Rd8 21. Bd3 g6 22. Bxc4 Rxc4 23. Qf3 b6 24. Re3 Qc6 25. Qxc6 Rxc6 26. Rb1 Rc4 27. Kf1 Ra4 28. Rb2 Kf8 29. Ke2 Rd5 30. Kd3 b5 31. Ree2 a6 32. Rb4 Ra3 33. Rb3 Ra4 34. Rb4 Ra3 35. Rb3 Ra4 36. a3 Rc4 37. Rb4 Rc7 38. a4 f5 39. f4 Re7 40. Re5 Rexe5 41. fxe5 g5 42. g4 fxg4 43. Ke4 Rd7 44. axb5 axb5 45. Rxb5 Rc7 46. Kd3 h5 47. d5 h4 48. Rb8+ Kg7 49. d6 Ra7 50. c4 g3 51. hxg3 hxg3 52. Rb2 f5 53. e6 Kf6 54. e7 Ra8 55. Re2 g2 56. Rxg2 Ke6 57. Re2+ Kd7 58. c5 g4 59. c6+ Kxc6 60. e8Q+ Kd5 1-0

[Event "EU-ch U18 31st"]
[Site "Mamaia"]
[Date "2023.09.06"]
[Round "2"]
[White "Anciaux, Adrien"]
[Black "Lamaze, Simon"]
[Result "0-1"]
[WhiteElo "2238"]
[BlackElo "2417"]
[PlyCount "76"]
[EventDate "2023.09.05"]
[EventType "swiss"]
[EventRounds "9"]
[EventCountry "ROU"]
[SourceTitle "EXT 2024"]
[Source "ChessBase"]
[SourceDate "2023.10.10"]
[SourceVersion "1"]
[SourceVersionDate "2023.10.10"]
[SourceQuality "1"]

1. e4 c5 2. Nf3 d6 3. Bb5+ Nd7 4. c3 Ngf6 5. Bd3 e5 6. Bc2 Be7 7. d4 cxd4 8. cxd4 b5 9. 0-0 Bb7 10. Re1 0-0 11. Nc3 b4 12. Na4 Rc8 13. a3 bxa3 14. b3 Qc7 15. Bd3 d5 16. exd5 Nxd5 17. dxe5 Nc3 18. Nxc3 Qxc3 19. Bxa3 Bxa3 20. Rxa3 Bxf3 21. gxf3 Nxe5 22. Be4 Rcd8 23. Qe2 f5 24. Bb7 Rfe8 25. Rea1 Nd3 26. Qf1 Re6 27. Rxa7 Rg6+ 28. Kh1 Qd4 29. R7a2 Rh6 30. Rc2 Qe5 31. f4 Qxf4 32. f3 Rhd6 33. Qg1 Qe5 34. Ra8 Rxa8 35. Bxa8 h5 36. Rc4 Kh7 37. Qg3 Qa1+ 38. Qg1 Qxa8 0-1

[Event "FRA-ch Accession 96th"]
[Site "L'Alpe d'Huez"]
[Date "2023.08.24"]
[Round "6"]
[White "Macon, Arthur"]
[Black "Lamaze, Simon"]
[Result "0-1"]
[WhiteElo "2328"]
[BlackElo "2410"]
[PlyCount "124"]
[EventDate "2023.08.19"]
[EventType "swiss"]
[EventRounds "9"]
[EventCountry "FRA"]
[SourceTitle "CBM 215 Extra"]
[Source "ChessBase"]
[SourceDate "2023.09.30"]
[SourceVersion "1"]
[SourceVersionDate "2023.09.30"]
[SourceQuality "1"]

1. Nf3 d5 2. g3 Nc6 3. c4 d4 4. Bg2 e5 5. d3 Bc5 6. 0-0 Nge7 7. a3 a5 8. e3 dxe3 9. Bxe3 Bxe3 10. fxe3 0-0 11. Nc3 Bg4 12. h3 Bh5 13. Qd2 f5 14. Nh2 Bf7 15. Rad1 Qd7 16. b3 Rad8 17. Qb2 Bh5 18. Rd2 f4 19. exf4 Qd4+ 20. Kh1 Nf5 21. Ne4 Qxb2 22. Rxb2 Ne3 23. Re1 Nxg2 24. Kxg2 exf4 25. gxf4 Rxf4 26. Rf2 Rxf2+ 27. Nxf2 Nd4 28. Re7 Be8 29. b4 Kf8 30. Re5 a4 31. b5 c6 32. Nf3 cxb5 33. Nxd4 Rxd4 34. cxb5 Rd6 35. Kf3 Rb6 36. Rf5+ Kg8 37. Ke3 Rxb5 38. Rxb5 Bxb5 39. Kd4 Bd7 40. Kc5 b5 41. h4 Kf7 42. Ne4 Kg6 43. Ng3 h6 44. d4 Kf6 45. Kd6 Be8 46. Ne4+ Kf5 47. Nc3 g5 48. hxg5 hxg5 49. d5 g4 50. Ke7 g3 51. Kxe8 g2 52. Ne2 Ke5 53. Kd7 Kxd5 54. Nf4+ Kc4 55. Nxg2 b4 56. axb4 a3 57. Ne1 a2 58. Nc2 Kc3 59. Na1 Kxb4 60. Kc6 Kc3 61. Kc5 Kb2 62. Kb4 Kxa1 0-1

[Event "Titled Tuesday intern op 22nd Aug Late"]
[Site "Chess.com INT"]
[Date "2023.08.22"]
[Round "8"]
[White "Chigaev, Maksim"]
[Black "Lamaze, Simon"]
[Result "1-0"]
[WhiteElo "2616"]
[BlackElo "2410"]
[PlyCount "93"]
[EventDate "2023.08.22"]
[EventType "swiss (blitz)"]
[EventRounds "11"]
[EventCountry "USA"]
[SourceTitle "EXT 2024"]
[Source "ChessBase"]
[SourceDate "2023.10.10"]
[SourceVersion "1"]
[SourceVersionDate "2023.10.10"]
[SourceQuality "1"]

1. e4 c6 2. Nf3 d5 3. d3 dxe4 4. dxe4 Qxd1+ 5. Kxd1 f6 6. e5 Bg4 7. Be2 Bxf3 8. Bxf3 fxe5 9. Re1 Nd7 10. c3 Ngf6 11. Kc2 e6 12. Nd2 Bc5 13. Re2 0-0 14. h3 Rad8 15. a4 a6 16. a5 Ba7 17. b4 Nd5 18. Ra3 Nf4 19. Re4 Bxf2 20. Nc4 Ng6 21. Re2 Ba7 22. Nd6 Rb8 23. Bg4 Rf6 24. Bg5 Ndf8 25. Ra1 Nf4 26. Rxe5 Nxg2 27. Bxf6 gxf6 28. Bxe6+ Kg7 29. Re4 Ne3+ 30. Kb3 Rd8 31. Nf5+ Nxf5 32. Bxf5 Ng6 33. Bxg6 Kxg6 34. Re7 Rb8 35. Rd1 Bf2 36. Rdd7 b6 37. Rb7 Rxb7 38. Rxb7 bxa5 39. bxa5 f5 40. Rb6 f4 41. Rxc6+ Kg5 42. Rxa6 f3 43. Kc2 Be1 44. Kd3 Kf4 45. Rf6+ Kg3 46. a6 Bf2 47. Ke4 1-0

[Event "FRA-ch Accession 96th"]
[Site "L'Alpe d'Huez"]
[Date "2023.08.20"]
[Round "2"]
[White "Ternault, Mathieu"]
[Black "Lamaze, Simon"]
[Result "1/2-1/2"]
[WhiteElo "2302"]
[BlackElo "2410"]
[PlyCount "116"]
[EventDate "2023.08.19"]
[EventType "swiss"]
[EventRounds "9"]
[EventCountry "FRA"]
[SourceTitle "CBM 215 Extra"]
[Source "ChessBase"]
[SourceDate "2023.09.30"]
[SourceVersion "1"]
[SourceVersionDate "2023.09.30"]
[SourceQuality "1"]

1. d4 Nf6 2. Bg5 Ne4 3. Bf4 d5 4. e3 Bf5 5. f3 Nd6 6. Nc3 e6 7. g4 Bg6 8. h4 h5 9. g5 Nc6 10. Qd2 Nf5 11. Nge2 Bb4 12. a3 Ba5 13. Ng3 e5 14. dxe5 d4 15. exd4 Nfxd4 16. 0-0-0 Qe7 17. Nge4 Rd8 18. Qf2 Bxc3 19. Nxc3 Bxc2 20. Rd2 Bf5 21. Bc4 Qc5 22. Ba2 Na5 23. Rxd4 Qxd4 24. Be3 Qd7 25. Rd1 Qc8 26. Rxd8+ Qxd8 27. g6 Bxg6 28. e6 fxe6 29. Bd4 0-0 30. Qg1 Kh7 31. Ne4 Qd7 32. Ng5+ Kh8 33. Nxe6 Qc6+ 34. Bc3 Rf6 35. Qd4 Qd6 36. Qe3 Qe7 37. Qg5 Nc6 38. f4 Kh7 39. Qd5 Rxe6 40. Qxe6 Qxe6 41. Bxe6 Be4 42. f5 Nd8 43. Kd2 g6 44. Bf6 Nc6 45. Bc8 Na5 46. fxg6+ Kxg6 47. Bc3 Nc4+ 48. Ke2 Nb6 49. Be6 Bd5 50. Bh3 c5 51. Ke3 Bc6 52. Kf4 Nd5+ 53. Ke5 Nxc3 54. bxc3 Kf7 55. Kd6 Kf6 56. Bc8 Bf3 57. a4 b6 58. a5 bxa5 1/2-1/2

[Event "Titled Tuesday intern op 15th Aug Late"]
[Site "Chess.com INT"]
[Date "2023.08.15"]
[Round "6"]
[White "Grebeniuk, Semen"]
[Black "Lamaze, Simon"]
[Result "0-1"]
[WhiteElo "2315"]
[BlackElo "2410"]
[PlyCount "56"]
[EventDate "2023.08.15"]
[EventType "swiss (blitz)"]
[EventRounds "11"]
[EventCountry "USA"]
[SourceTitle "EXT 2024"]
[Source "ChessBase"]
[SourceDate "2023.10.10"]
[SourceVersion "1"]
[SourceVersionDate "2023.10.10"]
[SourceQuality "1"]

1. d4 d5 2. c4 e6 3. Nf3 Nf6 4. cxd5 exd5 5. Nc3 c6 6. Bg5 Be7 7. e3 0-0 8. Qc2 Nbd7 9. Bd3 h6 10. Bh4 Ne8 11. Bg3 Bd6 12. 0-0-0 Ndf6 13. Kb1 Be6 14. Rc1 Rc8 15. Ne2 b6 16. Nf4 Bg4 17. h3 Bd7 18. Ne2 c5 19. dxc5 bxc5 20. Bxd6 Nxd6 21. Ng3 Qb6 22. Ne5 Be6 23. Bf5 Nxf5 24. Nxf5 Rfe8 25. g4 d4 26. Nc4 Bxc4 27. Qxc4 Ne4 28. exd4 Nd2+ 0-1

[Event "Titled Tuesday intern op 15th Aug Late"]
[Site "Chess.com INT"]
[Date "2023.08.15"]
[Round "7"]
[White "Lamaze, Simon"]
[Black "Khalikov, Bulat"]
[Result "1-0"]
[WhiteElo "2410"]
[BlackElo "2171"]
[PlyCount "173"]
[EventDate "2023.08.15"]
[EventType "swiss (blitz)"]
[EventRounds "11"]
[EventCountry "USA"]
[SourceTitle "EXT 2024"]
[Source "ChessBase"]
[SourceDate "2023.10.10"]
[SourceVersion "1"]
[SourceVersionDate "2023.10.10"]
[SourceQuality "1"]

1. c4 e6 2. d4 d5 3. Nf3 Nf6 4. g3 dxc4 5. Bg2 a6 6. 0-0 Nc6 7. e3 Bd7 8. Qe2 b5 9. b3 cxb3 10. axb3 Be7 11. Nc3 0-0 12. Bb2 Nb4 13. Ne5 Nfd5 14. Ne4 Be8 15. Rfc1 f6 16. Nd3 Bg6 17. Ndc5 Qc8 18. Ba3 c6 19. h4 a5 20. h5 Bxe4 21. Bxe4 a4 22. bxa4 Bxc5 23. Rxc5 Rxa4 24. Bb2 Rxa1+ 25. Bxa1 Qa6 26. Bb2 f5 27. Bf3 Nf6 28. Kg2 Rc8 29. h6 Nd7 30. Rc1 g6 31. Ra1 Qb7 32. Qd2 Nd5 33. Qa5 N7b6 34. Bc1 Ra8 35. Bxd5 Rxa5 36. Bxe6+ Kf8 37. Rxa5 Ke7 38. Bg8 Nc4 39. Bxc4 bxc4 40. Rc5 Qa6 41. e4 fxe4 42. Be3 Kd6 43. Kh3 Qa4 44. Kg4 Qd1+ 45. Kg5 Qf3 46. Bf4+ Kd7 47. Kf6 Qd3 48. Be3 c3 49. Kg7 c2 50. Kxh7 Kd6 51. Kg7 c1Q 52. h7 Qxc5 53. dxc5+ Kd5 54. h8Q Kc4 55. Qg8+ Kb5 56. Qf7 Qd5 57. Qf6 Qd7+ 58. Kxg6 Qg4+ 59. Qg5 Qf3 60. Qf5 Qg2 61. Kg5 Kc4 62. Qe5 Kd3 63. Qd4+ Kc2 64. Kf5 Qf3+ 65. Ke5 Qh5+ 66. Kxe4 Qg6+ 67. Ke5 Qg7+ 68. Kd6 Qg6+ 69. Kc7 Kb1 70. Qd6 Qf7+ 71. Kxc6 Qf3+ 72. Kb6 Qe2 73. g4 Qb2+ 74. Kc7 Qg7+ 75. Qd7 Qe5+ 76. Kc8 Qh8+ 77. Kb7 Qb2+ 78. Kc7 Qe5+ 79. Kc8 Qh8+ 80. Qd8 Qe5 81. c6 Ka2 82. c7 Qe6+ 83. Qd7 Qg8+ 84. Kb7 Qb3+ 85. Bb6 Qf3+ 86. Qc6 Qxg4 87. c8Q 1-0

[Event "Titled Tuesday intern op 15th Aug Early"]
[Site "Chess.com INT"]
[Date "2023.08.15"]
[Round "5"]
[White "Lamaze, Simon"]
[Black "Svane, Rasmus"]
[Result "0-1"]
[WhiteElo "2410"]
[BlackElo "2631"]
[PlyCount "72"]
[EventDate "2023.08.15"]
[EventType "swiss (blitz)"]
[EventRounds "11"]
[EventCountry "USA"]
[SourceTitle "EXT 2024"]
[Source "ChessBase"]
[SourceDate "2023.10.10"]
[SourceVersion "1"]
[SourceVersionDate "2023.10.10"]
[SourceQuality "1"]

1. c4 e6 2. Nf3 d5 3. d4 a6 4. g3 dxc4 5. Bg2 b5 6. Ne5 c6 7. 0-0 Bb7 8. a4 Nf6 9. b3 cxb3 10. Qxb3 Be7 11. Rd1 0-0 12. Nc3 Qc8 13. Ba3 Bxa3 14. Qxa3 Nbd7 15. Nd3 a5 16. Qd6 b4 17. Ne4 Nxe4 18. Bxe4 Rd8 19. Bf3 Nf6 20. Qe5 Qb8 21. Nc5 Nd7 22. Qxb8 Raxb8 23. Nb3 Ra8 24. Rac1 Rdc8 25. e4 c5 26. dxc5 Bc6 27. Ra1 Kf8 28. Be2 Ke7 29. f3 Rc7 30. Kf2 Bb7 31. Rac1 Ba6 32. Bxa6 Rxa6 33. Rc2 Nb6 34. Ra1 Nc8 35. Ke3 Rd7 36. Rd1 Rxd1 0-1

[Event "Titled Tuesday intern op 15th Aug Early"]
[Site "Chess.com INT"]
[Date "2023.08.15"]
[Round "2"]
[White "Rietze, Clemens"]
[Black "Lamaze, Simon"]
[Result "0-1"]
[WhiteElo "2329"]
[BlackElo "2410"]
[PlyCount "84"]
[EventDate "2023.08.15"]
[EventType "swiss (blitz)"]
[EventRounds "11"]
[EventCountry "USA"]
[SourceTitle "EXT 2024"]
[Source "ChessBase"]
[SourceDate "2023.10.10"]
[SourceVersion "1"]
[SourceVersionDate "2023.10.10"]
[SourceQuality "1"]

1. d4 d5 2. c4 e6 3. Nf3 Nf6 4. Nc3 Be7 5. Bf4 0-0 6. e3 b6 7. Be2 Bb7 8. 0-0 Nbd7 9. Qc2 a6 10. cxd5 exd5 11. Rfd1 Rc8 12. Rac1 Re8 13. h3 Nf8 14. Ne5 Ne6 15. Bh2 c5 16. dxc5 bxc5 17. Qb1 d4 18. Na4 Be4 19. Bd3 Ba8 20. Bc4 Bd6 21. exd4 cxd4 22. Bxe6 Rxe6 23. Rxd4 Rxc1+ 24. Qxc1 Qe8 25. Rc4 Bb7 26. f4 Ne4 27. Nc6 Bf8 28. Nd4 Rg6 29. f5 Rg5 30. Bf4 Rxg2+ 31. Kxg2 Nd2+ 32. Kf2 Nxc4 33. Qxc4 Qe4 34. Be3 Qg2+ 35. Ke1 Qxh3 36. Kd2 Be4 37. f6 gxf6 38. Nc5 Bg6 39. Nd3 Qg2+ 40. Kc3 Qe4 41. Nf2 Qxe3+ 42. Nd3 h5 0-1

[Event "Titled Tuesday intern op 08th Aug Early"]
[Site "Chess.com INT"]
[Date "2023.08.08"]
[Round "5"]
[White "Lamaze, Simon"]
[Black "Isanzhulov, Arystan"]
[Result "0-1"]
[WhiteElo "2410"]
[BlackElo "2435"]
[PlyCount "94"]
[EventDate "2023.08.08"]
[EventType "swiss (blitz)"]
[EventRounds "11"]
[EventCountry "USA"]
[SourceTitle "EXT 2024"]
[Source "ChessBase"]
[SourceDate "2023.10.10"]
[SourceVersion "1"]
[SourceVersionDate "2023.10.10"]
[SourceQuality "1"]

1. c4 g6 2. e4 Bg7 3. d4 c5 4. dxc5 Qa5+ 5. Nc3 Qxc5 6. Be3 Qa5 7. Nf3 Nf6 8. Bd3 0-0 9. 0-0 Nc6 10. h3 d6 11. Re1 Nd7 12. Bf1 Bxc3 13. bxc3 Qxc3 14. Nd4 Nc5 15. Rb1 Qa5 16. Nxc6 bxc6 17. e5 Bf5 18. Rb2 dxe5 19. Bd2 Qc7 20. Bc3 f6 21. Qc1 Na4 22. Rb3 Nxc3 23. Qxc3 Rab8 24. c5 Be6 25. Ra3 Kg7 26. f4 Rfd8 27. fxe5 f5 28. Bc4 Bxc4 29. Qxc4 Rd5 30. e6 Rbd8 31. Qc3+ Kg8 32. Rb3 Qf4 33. Qe3 Qc7 34. Reb1 a5 35. a4 Rd4 36. Re1 Kg7 37. Rb6 Rxa4 38. Qf3 Rd5 39. Qc3+ Rad4 40. Qxa5 Qg3 41. Qa1 Kh6 42. Qc1+ Rd2 43. Re2 f4 44. Rxd2 Qe3+ 45. Kh1 Rxd2 46. Rb3 Qe2 47. Qg1 Rd1 0-1